"124 szilvásgombóc csak az élet" Bátonyi "Üvegpest" György esete a hortobágyi kanász metállal /

Elmentve itt :
Bibliográfiai részletek
Szerző: J. Király István
Dokumentumtípus: Cikk
Megjelent: 1992
Sorozat:Iskolakultúra 2 No. 23-24
Kulcsszavak:Zene - magyar - interjú, Zenetörténet - magyar, Üvegpest
Online Access:http://misc.bibl.u-szeged.hu/43514
LEADER 00716nab a2200181 i 4500
001 misc43514
005 20191106141312.0
008 180830s1992 hu o 0|| zxx d
022 |a 1215-5233 
040 |a SZTE Miscellanea Repozitórium  |b hun 
041 |a zxx 
100 2 |a J. Király István 
245 1 0 |a "124 szilvásgombóc csak az élet"   |h [elektronikus dokumentum] :  |b Bátonyi "Üvegpest" György esete a hortobágyi kanász metállal /  |c  J. Király István 
260 |c 1992 
300 |a 121-124 
490 0 |a Iskolakultúra  |v 2 No. 23-24 
695 |a Zene - magyar - interjú, Zenetörténet - magyar, Üvegpest 
856 4 0 |u http://misc.bibl.u-szeged.hu/43514/1/iskolakultura_1992_023_024_121-124.pdf  |z Dokumentum-elérés